00620nam a2200205Ia 4500003000400000005001700004008004100021020001900062040000700081041000800088082001500096100002700111245003000138260004800168300000900216650002200225942001300247999001900260952013500279OSt20250802100033.0250729s2005 xx 000 0 und d a978-8171418428 cAL aeng a371.2 RAOC aRao Digumurthi9220743 aEducatinal administration aNew DelhibDiscovery Publishing Housec2005 a310p aEducation9220744 2ddccBED c234713d234713 001040708BEDaALbALd2025-07-29eSita Book Houseg175.00l0o371.2 RAOCpBED00032r2025-07-29 16:53:23v175.00w2025-07-29yBK